000 00553nam a2200169 a 4500
001 000035763
005 20200930074607.0
008 111110s2004 sp 000 0 spa d
040 _aDO-SdBNP
_bspa
_cBNPHU
082 _axxx
_bC434c
100 1 _aChaide, Malón de,
_961711
245 1 3 _aLa conversión de la Magdalena /
_cMalón de Chaide; pról. P. Félix García (Agustino).
260 _aMadrid :
_bEspasa-Calpe,
_c[195u]?
300 _av. ;
_c20 cm.
504 _aIncluye referencias bibliográficas y notas al pie de las páginas.
049 _aBNGR
999 _c35254
_d35254